000 00241nam a2200097Ia 4500
001 1300149
005 20260420095858.0
008 260420s9999 xx 000 0 und d
245 0 _aTOM SAWYER
_cMARK TWAIN
260 _bTİMAŞ ÇOCUK YAYINLARI
999 _c1300149
_d1300149